000 00289nam a2200121Ia 4500
008 191201s2015 xx 000 0 und d
100 _aDAYARATNAM,P
245 0 _aDesign of Steel Structures
260 _aN. delhi
_bS Chand
_c2015
300 _a868
650 _aB.Tech(CE)
942 _2ddc
_cBK
999 _c6496
_d6496